Datum a čas kvízu
9.5
Celkem bodů
Celkový počet nahraných bodů na tomto kvízu bez doplňovacích otázek.
8.
Pořadí na kvízu
Konečné umístění týmu na tomto kvízu.
Zaznamenané odpovědi
| # | Otázka | Odpověď | Body | Výsledky |
|---|---|---|---|---|
| 1. | Více než dvacet tisíc Čechů se... | Black Hawk (UH-60), Čestmír | 0 | |
| 2. | Jak se nazývá malá africká zem... | Lesotho | 0 | |
| 3. | V úterý měl na Netflixu premié... | Meghan (Markle) | 0 | |
| 4. | V letošním ročníku soutěže Vis... | Kytary.cz | 0 | |
| 5. | Aukční síň Sotheby’s minulý tý... | Michael Jordan, Kobe Bryant | 0 | |
| 6. | V roce 1978 zakoupila jistá me... | Greenpeace | 0 | |
| 7. | V tématu o slavných lodích se... | Carpathia | 0 | |
| 8. | Loď Beagle na své druhé plavbě... | Charles Darwin | 0 | |
| 9. | Válečná loď Vasa ujela celkem... | ve Stockholmu | 1 | |
| 10. | Ceremoniál podpisu kapitulační... | Missouri | 0 |